000 00733nam a2200229 a 4500
999 _c1108
_d1108
001 1108
003 BD-JhCC
005 20171015105654.0
008 171015s2001 bg |||| ||a| 000 0 ben d
020 _a9840741667
035 _a(BD-JhCC)1108
040 _aBD-JhCC
_dBD-JhCC
041 _aben
082 _223
_a515.63
_bRAS 2001
100 _aরশীদ, হারুনুর
245 _aভেক্টর বিশ্লেষণ ও ভেক্টর ক্যালকুলাস /
_cহারুনুর রশীদ
260 _aঢাকা :
_bবাংলা একাডেমী,
_c২০০১.
300 _a264 p. :
_c23 cm.
650 _aVictor Analysis And Calculas
942 _2ddc
_cBK